| 000 | 00807nam a2200205Ia 4500 | ||
|---|---|---|---|
| 003 | OSt | ||
| 005 | 20201014111154.0 | ||
| 008 | 191128s1969 ck gr 000 0 spa d | ||
| 040 |
_aCO-JMCR _cCO-JMCR |
||
| 041 | 0 | _aspa | |
| 082 | 0 | 4 |
_a986.103 / _bR464d _223 |
| 100 | 1 |
_aRestrepo, José Manuel, _eautor _911101 |
|
| 245 | 1 | 0 |
_aDocumentos importantes de Nueva Granada, Venezuela y Colombia : _bapéndice de la historia de Colombia / _cJosé Manuel Restrepo |
| 260 |
_aBogotá : _bUniversidad Nacional de Colombia, _c1969 |
||
| 300 |
_a475 páginas ; _c23 cm. |
||
| 505 | 2 |
_gv.5 _tDocumentos importantes de Nueva Granada, Venezuela y Colombia : apéndice de la historia de Colombia |
|
| 651 | 4 |
_aColombia _xhistoria _y1810-1830 _911503 |
|
| 651 | 4 |
_aVenezuela _xhistoria _y1810-1830 _911504 |
|
| 942 |
_2ddc _cBK |
||
| 999 |
_c4418 _d4418 |
||